00762nam a2200181 i 450000100060000000300090000600500170001500700030003200800410003510000400007624501090011626000870022530000380031271000610035085200320041199900170044395201200046089455ES-MaACL20230906180159.0t|050110s1944 sp ||||1| spa d1 aLangreo y Contreras, Miguel.97007310aLecciones de Astronomía esférica b: teoría y uso del teodolito /cpor Miguel Langreo y Contreras. aMadrid : bEscuela Especial de Ingenieros de Minas, c1944 (fGráficas Reunidas) a224 p. : bmapas pleg. ; c25 cm.2 aEscuela Especial de Ingenieros de Minas (Madrid)9172992 aES-MaACLjB-10007 bR.21351 c89455d89455 00104070aATENEOMbATENEOMcSPBd2008-01-17eSCl0oB-10007p1093424r2023-02-23 00:00:00w2023-02-23yMONOGRAFIA